Teaching the pre-academic child ; activities for children displaying difficulties of processing information.

Bibliographic Details
Main Author: Mott, Mary
Format: Book
Language:English
Published: Springfield, Ill. : Thomas, [1974]
Subjects:

MARC

Tag First Indicator Second Indicator Subfields
LEADER 00000pam a2200000 4500
001 in00000472012
005 20151013051053.0
008 731129s1974 ilu 00000 eng
010 |a  73020336  
020 |a 0398030839 
035 |a (OCoLC)00763585 
035 |9 ACA8274AM 
040 |a DLC  |c DLC  |d TXA  |d UtOrBLW 
049 |a TXAM  |c [1357959] 
050 0 0 |a LC4661  |b .M64 
082 0 |a 371.9/043 
100 1 |a Mott, Mary. 
245 1 0 |a Teaching the pre-academic child ;  |b activities for children displaying difficulties of processing information. 
264 1 |a Springfield, Ill. :  |b Thomas,  |c [1974] 
300 |a xiv, 171 pages ;  |c 24 cm. 
336 |a text  |b txt  |2 rdacontent 
337 |a unmediated  |b n  |2 rdamedia 
338 |a volume  |b nc  |2 rdacarrier 
650 0 |a Children with mental disabilities  |x Education. 
650 0 |a Education, Preschool. 
999 |a MARS 
999 f f |s 7bb5aec2-8b21-3569-89e2-36eed6127aff  |i a38dd409-424b-3af5-85ed-503c3d11be07  |t 0 
952 f f |p normal  |a Texas A&M University  |b College Station  |c Sterling C. Evans Library  |d Evans: Library Stacks  |t 0  |e LC4661 .M64  |h Library of Congress classification  |i unmediated -- volume  |m A14803329191 
998 f f |a LC4661 .M64  |t 0  |l Evans: Library Stacks